[Event "FRA-ch U18 Girls"]
[Site "Agen"]
[Date "2024.04.15"]
[Round "2"]
[White "Yaghi, Leen"]
[Black "Riss, Selenia"]
[Result "1/2-1/2"]
[WhiteElo "1941"]
[BlackElo "1763"]
[PlyCount "144"]
[EventDate "2024.04.14"]
[EventType "swiss"]
[EventRounds "9"]
[EventCountry "FRA"]
[SourceTitle "EXT 2025"]
[Source "ChessBase"]
[SourceDate "2024.10.14"]
[SourceVersion "1"]
[SourceVersionDate "2024.10.14"]
[SourceQuality "1"]

1. d4 d5 2. c4 c6 3. Nf3 Nf6 4. Nc3 a6 5. g3 dxc4 6. a4 e6 7. Bg2 c5 8. dxc5 Qxd1+ 9. Nxd1 Bd7 10. Ne5 Nc6 11. Nxc4 Bxc5 12. 0-0 Ke7 13. Nc3 Rhd8 14. Bg5 h6 15. Ne4 Bd4 16. Bf4 e5 17. Nxf6 Kxf6 18. Be3 Be6 19. Rac1 Rac8 20. Rfd1 Bxc4 21. Rxc4 Bxe3 22. Rxd8 Rxd8 23. fxe3 Rd6 24. b4 Ke7 25. b5 axb5 26. axb5 Nd8 27. Rc7+ Rd7 28. b6 Kd6 29. Rc2 f5 30. Bh3 g6 31. e4 Ne6 32. exf5 gxf5 33. Bxf5 Nd4 34. Rd2 Rf7 35. Bg6 Rf6 36. Be4 Kc5 37. Bxb7 Kxb6 38. Be4 Kc5 39. Kg2 Rd6 40. e3 Nb5 41. Rc2+ Kb4 42. Rb2+ Kc4 43. Rc2+ Nc3 44. Bf5 Kb3 45. Rf2 Nd1 46. Bc2+ Kc3 47. Bxd1 Rxd1 48. Rf6 Rd3 49. e4 Kd4 50. Rxh6 Kxe4 51. Rf6 Rd2+ 52. Rf2 Rd3 53. h4 Kd4 54. h5 e4 55. h6 Rc3 56. g4 e3 57. Re2 Rc7 58. Ra2 Kd3 59. Ra3+ Kd2 60. Ra8 e2 61. Rd8+ Ke1 62. g5 Rf7 63. g6 Rf2+ 64. Kg1 Rf1+ 65. Kg2 Rf2+ 66. Kg1 Rf1+ 67. Kg2 Rf2+ 68. Kg3 Kf1 69. Re8 Rg2+ 70. Kf3 Rxg6 71. h7 Rf6+ 72. Kg4 Rh6 1/2-1/2

[Event "FRA-ch U12/16 Girls"]
[Site "Agen"]
[Date "2023.04.27"]
[Round "6"]
[White "Riss, Selenia"]
[Black "Kostenjuk, Kristina"]
[Result "1-0"]
[WhiteElo "1666"]
[BlackElo "1731"]
[PlyCount "75"]
[EventDate "2023.04.23"]
[EventType "swiss"]
[EventRounds "9"]
[EventCountry "FRA"]
[SourceTitle "CBM 214 Extra"]
[Source "ChessBase"]
[SourceDate "2023.07.31"]
[SourceVersion "1"]
[SourceVersionDate "2023.07.31"]
[SourceQuality "1"]

1. e4 c5 2. Nf3 Nc6 3. Bb5 a6 4. Bxc6 bxc6 5. c3 d6 6. h3 g6 7. d3 Bg7 8. Nbd2 e5 9. Nc4 Ne7 10. b4 cxb4 11. cxb4 0-0 12. 0-0 h6 13. Bb2 Rb8 14. a3 Be6 15. Rc1 f5 16. Qe2 f4 17. d4 exd4 18. Bxd4 Bxd4 19. Nxd4 Qd7 20. Rfd1 d5 21. Ne5 Qd6 22. Nexc6 Rbe8 23. Nxe7+ Rxe7 24. Rc6 Qd7 25. Qxa6 Bf7 26. Rd6 Qe8 27. exd5 Kh7 28. Ne6 Rg8 29. Rd8 Qxd8 30. Nxd8 Rxd8 31. d6 Red7 32. Qc6 Ra7 33. d7 Rxa3 34. Qf6 Raa8 35. Qxf7+ Kh8 36. Re1 Rg8 37. Re8 Raxe8 38. dxe8Q 1-0

[Event "FRA-ch U16 Girls"]
[Site "Agen"]
[Date "2022.04.22"]
[Round "7"]
[White "Micheli, Elora"]
[Black "Riss, Selenia"]
[Result "1-0"]
[WhiteElo "1547"]
[BlackElo "1532"]
[PlyCount "106"]
[EventDate "2022.04.16"]
[EventType "swiss"]
[EventRounds "9"]
[EventCountry "FRA"]
[SourceTitle "EXT 2023"]
[Source "ChessBase"]
[SourceDate "2022.10.05"]
[SourceVersion "1"]
[SourceVersionDate "2022.10.05"]
[SourceQuality "1"]

1. d4 d5 2. Nf3 Nf6 3. c4 c6 4. Nbd2 Bf5 5. Nh4 Be6 6. e3 g6 7. Bd3 Bg7 8. b3 0-0 9. 0-0 Qd6 10. h3 Rd8 11. Ndf3 h6 12. Qc2 Nbd7 13. a4 c5 14. Ba3 Rac8 15. dxc5 Nxc5 16. Rad1 Qb6 17. Nd4 Nxd3 18. Nxe6 Qxe6 19. Rxd3 dxc4 20. Rxd8+ Rxd8 21. Qxc4 Qxc4 22. bxc4 Rd7 23. Rb1 Ne4 24. Nf3 Nc3 25. Rb4 Rc7 26. c5 Nd5 27. Rb3 b6 28. Rd3 e6 29. e4 Nf6 30. cxb6 axb6 31. e5 Nd7 32. Bd6 Ra7 33. Rd4 Kh7 34. Rc4 Kg8 35. Kf1 Bf8 36. Bc7 Bc5 37. Bd6 Ra5 38. Nd2 Bxd6 39. exd6 Rd5 40. Rc8+ Kg7 41. Nc4 Nc5 42. Nxb6 Rxd6 43. Rxc5 Rxb6 44. a5 Ra6 45. Ke2 Kf6 46. Kd3 Ke7 47. Kc4 Kd6 48. Kb4 Ra8 49. g3 h5 50. f3 f6 51. Rb5 Ra6 52. Rb6+ Rxb6+ 53. axb6 e5 1-0

[Event "FRA-ch U12 "]
[Site "Agen"]
[Date "2018.04.20"]
[Round "7"]
[White "Riss, Selenia"]
[Black "Berezovsky, Fiorina"]
[Result "0-1"]
[WhiteElo "1138"]
[BlackElo "1678"]
[PlyCount "106"]
[EventDate "2018.04.15"]
[EventType "swiss"]
[EventRounds "9"]
[EventCountry "FRA"]
[SourceTitle "EXT 2019"]
[Source "ChessBase"]
[SourceDate "2018.10.10"]
[SourceVersion "1"]
[SourceVersionDate "2018.10.10"]
[SourceQuality "1"]

1. e4 c5 2. Nc3 Nc6 3. g3 g6 4. Bg2 Bg7 5. f4 d6 6. d3 e6 7. Be3 Nge7 8. Nf3 0-0 9. 0-0 b6 10. Bf2 d5 11. e5 d4 12. Ne2 Nd5 13. Qd2 h6 14. h3 Bb7 15. g4 Nce7 16. h4 Qd7 17. Ng3 Rac8 18. h5 a6 19. Ne4 gxh5 20. gxh5 Nf5 21. Rae1 Nde3 22. Bxe3 dxe3 23. Rxe3 Nxe3 24. Qxe3 Rfd8 25. Kh1 Bxe4 26. Qxe4 Qc6 27. Qe1 Qa4 28. Qd2 Qb4 29. c3 Qb5 30. d4 cxd4 31. cxd4 Qa5 32. Qxa5 bxa5 33. Rf2 Rc1+ 34. Kh2 Rdc8 35. b3 R8c2 36. Rxc2 Rxc2 37. a4 Rb2 38. Kg3 Rxb3 39. Bf1 Ra3 40. Bxa6 Rxa4 41. Nd2 Rxd4 42. Nb3 Rb4 43. Nc1 a4 44. Na2 Rb3+ 45. Kg4 f5+ 46. exf6 Bxf6 47. Bc4 Rb6 48. f5 Kf7 49. fxe6+ Ke7 50. Kf5 a3 51. Kg6 Bg5 52. Kf5 Rb2 53. Ke5 Rh2 0-1